Yetenekli bay Zarrab : (Record no. 14871)

MARC details
000 -BAŞLIK
Sabit Uzunlukta Kontrol Alanı 00884nam a22002657a 4500
999 ## - SİSTEM KONTROL NUMARALARI (KOHA)
Koha Biblionumber 14871
Koha Biblioitemnumber 14871
003 - KONTROL NUMARASI IDENTIFIER
Denetim Alanı MIRAKIL
005 - SON İŞLEM TARİHİ VE ZAMANI
Denetim Alanı 20220322154231.0
008 - SABİT-BOY VERİ ELEMANLARI - GENEL BİLGİLER
Sabit Uzunlukta Kontrol Alanı 220322b tu ||||| |||| 00| 0 tur d
020 ## - ULUSLARARASI STANDART KİTAP NUMARASI
Uluslararası Standart Kitap Numarası 9786052280324
040 ## - KATALOGLAMA KAYNAK
Orijinal Kataloglama Ajansı TR-AnCHP
Metne Dönüştürmek Ajansı TR-AnCHP
041 ## - DİL KODU
Metin / Ses Parça Veya Ayrı Başlığın Dil Kodu tur
082 ## - DEWEY ONLU SINIFLANDIRMA NUMARASI
Sınıflandırma Numarası 320.9561
Ürün Numarası C31y 2018
100 ## - ANA GİRİŞ - KİŞİSEL İSİM
Kişisel Ad Cebe, Serdar
245 10 - BAŞLIK TABLOSU
Başlık Yetenekli bay Zarrab :
Başlığın Kalan kod adı : Çikinova /
Sorumluluk Tablosu, Vb Serdar Cebe, Can Kamiloğlu ; hazırlayan: Yeşim Demir
246 ## - UNVAN FORM VARYING
Başlık Doğru / Kısa Başlığı kod adı : Çikinova
260 ## - YAYIN, DAĞITIM, VB
Yayın, Dağıtım, Vb Yeri İstanbul :
Yayıncı, Dağıtıcı, Vs Adı Siyah Beyaz,
Yayın, Dağıtım, Vb Tarihi 2018.
300 ## - FİZİKSEL TANIM
Kapsam 394 s. ;
Diğer Fiziksel Ayrıntıları blg.;
Boyutlar 21 sm.
500 ## - GENEL NOT
Genel Not Kapakta :Tüm belgeleriyle Zarrab davası
600 #0 - KONU KATMA GİRİŞ - KURUMSAL ADI
9 (RLIN) 7048
Kişisel Ad Zarrab, Reza
Bir Adıyla İlişkilendirilen Tarihler 1983-
Genel Alt Bölümü yolsuzluklar
Coğrafi Alt Bölümü Türkiye
650 #0 - KONU KATMA GİRİŞ - TOPİKAL DÖNEM
9 (RLIN) 9
Topikal Süreli Veya Coğrafi Ad Giriş Elemanı Siyaset ve yönetim
Genel Alt Bölümü Suistimal
Coğrafi Alt Bölümü Türkiye
700 ## - KATMA GİRİŞ - KİŞİSEL İSİM
9 (RLIN) 7046
Kişisel Ad Kamiloğlu, Can
700 ## - KATMA GİRİŞ - KİŞİSEL İSİM
9 (RLIN) 7047
Kişisel Ad Demir, Yeşim
Relator Terim haz.
740 ## - KATMA GİRİŞ - KONTROLSUZ İLGİLİ / ANALİTİK BAŞLIK
Kontrol Edilmeyen / İlgili Analitik Başlıktaki kod adı : Çikinova
942 ## - EKLENDİ GİRİŞ ELEMANLARI (KOHA)
Sınıflandırma Veya Raf Düzeni Kaynak Dewey Decimal Classification
Koha Öğesi Türü Books
Holdings
Kalıcı Konum Mevcut Konum Edinme Tarihi Toplam Check-Out'Lar Tam Çağrı Numarası Barkod Tarih Son Görülme İtibaren Geçerli Fiyatlar Koha Öğesi Türü
CHP Kütüphanesi CHP Kütüphanesi 03/22/2022   320.9561 C31y 2018 020385 03/22/2022 03/22/2022 Books